The investor's quotient : the psychology of successful investing in commodities and stocks /

My story. Many markets-many similarities. Psychology and the markets. Psychoanalytic theory-do childhood experiences affect behavior? Learning theory. The response sector. The consequences of behavior. The discovery process...

Đã lưu trong:
Chi tiết về thư mục
Tác giả chính: Bernstein, Jacob, 1946-
Định dạng: Sách
Ngôn ngữ:English
Được phát hành: New York : John Wiley and Sons, 1993.
Phiên bản:2nd ed.
Những chủ đề:
Các nhãn: Thêm thẻ
Không có thẻ, Là người đầu tiên thẻ bản ghi này!
Thư viện lưu trữ: Mạng thư viện Đại học Đà Nẵng
LEADER 01194cam a2200361 i 4500
001 000048768
003 8493
005 20030408140823.0
008 010316|1993 vm 000 eng
020 |a 0471383627 
040 |a IRC  |c IRC  |d IRC 
041 0 |a eng 
082 1 4 |a 332.678  |b BE-J 
100 1 |a Bernstein, Jacob,  |d 1946- 
245 0 4 |a The investor's quotient :  |b the psychology of successful investing in commodities and stocks /  |c Jake Bernstein. 
250 |a 2nd ed. 
260 |a New York :  |b John Wiley and Sons,  |c 1993. 
300 |a xiv, 290 p. :  |b ill. ;  |c 23cm. 
520 3 |a My story. Many markets-many similarities. Psychology and the markets. Psychoanalytic theory-do childhood experiences affect behavior? Learning theory. The response sector. The consequences of behavior. The discovery process... 
630 0 4 |a Economics. 
630 0 4 |a Investments. 
650 0 4 |a Investments. 
650 0 4 |a Investments  |x Psychological aspects. 
OWN |a DUT 
999 |a From the UDN01 
TYP |a Monograph 
TYP |a Printed language 
980 |a Mạng thư viện Đại học Đà Nẵng